LEADER 01847nam a2200313 i 4500 001 000000176533 003 CaOOAMICUS 005 20081210000000.0 008 081210s2008 it u000 u ita u 013 $a154022 020 $a978-88-6244-054-7 040 $aSeMil$bita 100 1 $aPitta, Antonio,$c.$0(OLS)http://semarc/name/20188 245 13$aLa gioia del dare :$bSpiritualità diocesana e condivisione dei beni. Nella prima parte : Sostenere la Chiesa per servire tutti. A vent'anni da Sovvenire alle necessità della Chiesa /$cAntonio Pitta, Dario Vitali. 260 $aTodi (PG) :$bTau Editrice,$c2008. 300 $a108 p. ;$c22 cm. 490 0 $aQuaderni annuali dell'Unione Apostolica del Clero 500 $aContiene : Appendice. - In mezzo al front : Lettera dell'Episcopato nel ventesimo anniversario dell'avvio del nuovo sistema di sostegno economico alla Chiesa cattolica in Italia. 650 4$aSacerdozio - Spiritualità.$0(OLS)http://semarc/subject/2395 650 4$aPovertà.$0(OLS)http://semarc/subject/9084 650 4$aCondivisione dei beni.$0(OLS)http://semarc/subject/33646 700 1 $aVitali, Dario,$d<1956- >.$0(OLS)http://semarc/name/46011 830 0$aQuaderni annuali dell'Unione Apostolica del Clero.$0(OLS)http://semarc/title/26975 850 $aSeMil 852 $aSeMil$W1$xVenegono$y1$m3G V 138$j127353$B127353$CSeMilBibl$Z2$F140968 $81 961 $aOmaggio: Scanziani don Francesco 996 $6020$a978-88-6244-054-7$9(OLS)http://semarc/number/165124 996 $6245$aLa gioia del dare :$bSpiritualità diocesana e condivisione dei beni. Nella prima parte : Sostenere la Chiesa per servire tutti. A vent'anni da Sovvenire alle necessità della Chiesa$9(OLS)http://semarc/title/253413 996 $6260$aTodi (PG) :$bTau Editrice$9(OLS)http://semarc/publisher/35322 LEADER 01295nam a2200289 i 4500 001 000000199703 003 CaOOAMICUS 005 20110414000000.0 008 110414s2010 it u000 u ita u 013 $a178395 020 $a978-88-311-4810-8 040 $aSeMil$bita 245 10$aPreti in un mondo che cambia /$cPiero Coda, Brendan Leahy (Edd.) ; contributi di Carlos García Andrade ... [et al.]. 260 $aRoma :$bCittà Nuova,$c2010. 300 $a130 p. ;$c20 cm. 490 0 $aContributi di teologia ;$v64 650 4$aSacerdozio - Sec. 21. - Prospettive.$0(OLS)http://semarc/subject/12814 700 1 $aCoda, Piero,$d<1955- >.$0(OLS)http://semarc/name/325 700 1 $aAndrade, Carlos García <1954- >.$0(OLS)http://semarc/name/72237 700 1 $aLeahy, Brendan <1960- >.$0(OLS)http://semarc/name/28376 830 0$aContributi di teologia ;$v64.$0(OLS)http://semarc/title/623 850 $aSeMil 852 $aSeMil$W1$xVenegono$y1$m2G I 234$j150238$B150238$CSeMilBibl$Z2$F162598 $81 961 $aSottoscrizione: Città Nuova (Agente) 996 $6020$a978-88-311-4810-8$9(OLS)http://semarc/number/192102 996 $6245$aPreti in un mondo che cambia$9(OLS)http://semarc/title/288699 996 $6260$aRoma :$bCittà Nuova$9(OLS)http://semarc/publisher/29609